Rozpoznaj narysowane przeze mnie państwa (wersja z pamięci) #1 - Statystyki

Ogólne statystyki
  • Ten quiz został rozwiązany 275 razy
  • Średni wynik to 13 z 16
Statystyki odpowiedzi
Obrazkowy Odpowiedź % Poprawnych
Włochy
100%
Egipt
94%
Stany Zjednoczone
94%
Australia
91%
Rosja
91%
Niemcy
89%
Chorwacja
85%
Kanada
85%
Republika Południowej Afryki
81%
Meksyk
79%
Islandia
77%
Japonia
75%
Szwecja
73%
Turcja
71%
Wietnam
67%
Malezja
49%
Nie znaleziono quizów pasujących do podanych kryteriów
Rozkład punktacji
Procent ludzi z każdym wynikiem
Percentyl według liczby udzielonych odpowiedzi
Twoja historia wyników
Nie rozwiązałeś tego quizu